Learn about sounds / (Record no. 103972)
[ view plain ]
| 000 -LEADER | |
|---|---|
| fixed length control field | 00739nam a2200205 a 4500 |
| 005 - DATE AND TIME OF LATEST TRANSACTION | |
| control field | 20140412111311.0 |
| 008 - FIXED-LENGTH DATA ELEMENTS--GENERAL INFORMATION | |
| fixed length control field | 001121s19uu xx 00 eng d |
| 050 ## - LIBRARY OF CONGRESS CALL NUMBER | |
| Classification number | TR(GS 030 |
| Item number | L41 1991 |
| 100 ## - MAIN ENTRY--PERSONAL NAME | |
| Personal name | Law, Felicia |
| 245 ## - TITLE STATEMENT | |
| Title | Learn about sounds / |
| Statement of responsibility, etc | story by Felicia Law ; illustrations by Steve Smallman, Shirley Tourret. |
| 260 ## - PUBLICATION, DISTRIBUTION, ETC. (IMPRINT) | |
| Place of publication, distribution, etc | UK : |
| Name of publisher, distributor, etc | World Book International. |
| 300 ## - PHYSICAL DESCRIPTION | |
| Extent | 1 v. (unp.) ; ill. |
| 440 ## - SERIES STATEMENT/ADDED ENTRY--TITLE | |
| Title | Early World of Learning-Poldy |
| 500 ## - GENERAL NOTE | |
| General note | Poldy |
| 520 ## - SUMMARY, ETC. | |
| Summary, etc | Wagtails takes Poldy to his secret place. First, Wagtail covers Poldy's eyes so that Poldy has to 'listen carefully' to the sounds around them. |
| 650 ## - SUBJECT ADDED ENTRY--TOPICAL TERM | |
| Topical term or geographic name as entry element | Listening--Fiction |
| 650 ## - SUBJECT ADDED ENTRY--TOPICAL TERM | |
| Topical term or geographic name as entry element | Children stories |
| Withdrawn status | Lost status | Damaged status | Home library | Current library | Shelving location | Date acquired | Source of acquisition | Total Checkouts | Full call number | Barcode | Date last seen | Price effective from | Koha item type |
|---|---|---|---|---|---|---|---|---|---|---|---|---|---|
| Elizalde Library | Elizalde Library | Teachers Reference Section | 04/16/2001 | TR(GS 030 L41 1991 | E6188 | 04/12/2014 | 04/12/2014 | Books | |||||
| Elizalde Library | Elizalde Library | Teachers Reference Section | 04/20/2005 | TR(GS 030 L41 1991 | E9720 | 04/12/2014 | 04/12/2014 | Books |